000 00244nam a2200097Ia 4500
001 699416
005 20250826162110.0
008 250824s9999 xx 000 0 und d
245 0 _aDÜNYA NÖBETİ/A.ALATLI/EVEREST
_cALEV ALATLI
260 _bEVEREST
999 _c699416
_d699416